Modern sociological theory (Record no. 1348)
[ view plain ]
| 000 -LEADER | |
|---|---|
| fixed length control field | 00530cam a2200205ua 4500 |
| 001 - CONTROL NUMBER | |
| control field | 1459 |
| 005 - DATE AND TIME OF LATEST TRANSACTION | |
| control field | 20260515113333.0 |
| 008 - FIXED-LENGTH DATA ELEMENTS--GENERAL INFORMATION | |
| fixed length control field | 110709n ii |||gr||||Z||||||eng |
| 020 ## - INTERNATIONAL STANDARD BOOK NUMBER | |
| International Standard Book Number | 019561384-8 |
| 040 ## - CATALOGING SOURCE | |
| Transcribing agency | MAIN |
| 082 ## - DEWEY DECIMAL CLASSIFICATION NUMBER | |
| Classification number | 301 |
| 100 1# - MAIN ENTRY--PERSONAL NAME | |
| Personal name | Abraham, M. Francis, |
| Relator term | Author. |
| 245 1# - TITLE STATEMENT | |
| Title | Modern sociological theory |
| Statement of responsibility, etc. | by M. Francis Abraham |
| 250 ## - EDITION STATEMENT | |
| Edition statement | 15th. |
| 260 ## - PUBLICATION, DISTRIBUTION, ETC. | |
| Place of publication, distribution, etc. | New Delhi: |
| Name of publisher, distributor, etc. | Oxford University Press, |
| Date of publication, distribution, etc. | 2008. |
| 300 ## - PHYSICAL DESCRIPTION | |
| Extent | x; 310p: |
| Dimensions | 23cm. |
| 653 ## - INDEX TERM--UNCONTROLLED | |
| Uncontrolled term | Sociology |
| 653 ## - INDEX TERM--UNCONTROLLED | |
| Uncontrolled term | Modern sociology theory |
| 942 ## - ADDED ENTRY ELEMENTS (KOHA) | |
| Koha item type | Books |
| Withdrawn status | Lost status | Damaged status | Not for loan | Home library | Current library | Shelving location | Date acquired | Total checkouts | Full call number | Barcode | Date last seen | Date last checked out | Copy number | Price effective from | Koha item type |
|---|---|---|---|---|---|---|---|---|---|---|---|---|---|---|---|
| Naharkatiya College Library | Naharkatiya College Library | General stacks | 09/19/2020 | 1 | 301 | ABR | 19086 | 07/31/2023 | 06/03/2023 | 1 | 09/19/2020 | Books |